000 00596nam a22001697a 4500
003 MACL
005 20160504125146.0
008 160504b xxu||||| |||| 00| 0 eng d
040 _cMACL
041 _aHindi
082 _a800 BHA
100 _aभट़ट, मणिधर प्रसाद
_955122
245 _aमहात्‍मा की छाया में
_cमणिधर प्रसाद व्‍यास
260 _aनोएडा
_bसस्‍ता साहित्‍य प्रकाशन
_c2013
650 _aडायरी
_936754
942 _2ddc
_cHIN
999 _c53900
_d53900